| 000 | 00458nam a22001817a 4500 | ||
|---|---|---|---|
| 003 | MPLRDC | ||
| 005 | 20220104144427.0 | ||
| 008 | 210129b ||||| |||| 00| 0 eng d | ||
| 020 | _a957-754-016-3 | ||
| 082 | _a428.3 MTJ | ||
| 100 | _a马同江、张志明、陈曾三著 | ||
| 245 |
_a儿童的营养与食谱 _c |
||
| 250 | _a初版 | ||
| 260 |
_a _b国际村文库书店 _c1993 |
||
| 300 | _b平 | ||
| 650 | _a婴儿食谱 | ||
| 942 |
_cBK _o428.3 MTJ |
||
| 999 |
_c49489 _d49479 |
||